000 00705cam a22002413a 4500
001 31640
003 PGUSA
005 20140828083702.0
008 100314s2010||||xxu|||||s|||||000 1 eng d
040 _aPGUSA
_beng
042 _adc
050 4 _aPS
100 1 _aBayne, Mary Addams
245 1 0 _aCrestlands :
_bA Centennial Story of Cane Ridge
_h[electronic resource] /
_cMary Addams Bayne
260 _bProject Gutenberg,
_c2010
506 _aPublic domain in the USA.
516 _aElectronic text
653 _aKentucky -- History -- 19th century -- Fiction
700 1 _aStemler, O. A.
830 0 _aProject Gutenberg
_v31640
856 4 0 _uhttp://www.gutenberg.org/ebooks/31640
942 _cEB
999 _c260895
_d260895